• 首页
  • 本馆介绍
  • 公告通知
  • 最新文献
  • 馆藏检索
  • 电子资源
  • 读者荐购
  • 参考咨询
  • CALIS
  • 我的图书馆
  • 登录
  • 详细信息显示
  • 放入我的书架
  • 预约/预借图书
  • 作者相关作品
  • 分类相关作品
  • 丛书相关作品
  • 出版社相关作品

书目信息

  • 表格格式
  • 工作单格式
  • 卡片格式
题名:
时尚居室装饰
    
 
作者: 池海 编
分册:  
出版信息: 重庆   西南师范大学出版社  1999.02
页数: 112页
开本: 32开
丛书名:
单 册:
中图分类: J525.1
科图分类:
主题词: 工艺美术--中国
电子资源:
ISBN: 7-5621-1786-1
 
 
 
 
 
000 00515nam0 2200181 45
001 0009302024
005 20081029152838.10
010    @a7-5621-1786-1@d28.00元
100    @a20000930d1999 km y0chiy0120 ea
101 0  @achi
200 1  @a时尚居室装饰@AShi Shang Ju Shi Zhuang Shi@f池海编@FChi Hai Bian
210    @a重庆@c西南师范大学出版社@d1999.02
215    @a112页@d32开
606 0  @a工艺美术@x中国
690    @aJ525.1@v3
701  0 @a池海@4编
801    @aCN@bPftUser@c20081029
905    @b165064-068@dJ525.1@eCH.086@f5
    
    时尚居室装饰/池海编.-重庆:西南师范大学出版社,1999.02
    112页;32开
    
    
    ISBN 7-5621-1786-1:28.00元
    
●
相关链接 在E读中查询图书 在当当中查询图书 在豆瓣中查询图书


正题名:时尚居室装饰     索取号:J525.1/CH.086         预约/预借

序号 登录号 条形码 馆藏地/架位号 状态 备注
1 165064   201650640   社科库309/309社科库 88排2列4层/ [索取号:J525.1/CH.086] 在馆    
2 165065   201650659   社科库309/ [索取号:J525.1/CH.086] 在馆    
3 165066   201650668   自科二线404/309社科库 90排4列6层/ [索取号:J525.1/CH.086] 在馆    
4 165067   201650677   社科库309/309社科库 88排2列4层/ [索取号:J525.1/CH.086] 在馆    
5 165068   201650686   社科库309/309社科库 88排2列4层/ [索取号:J525.1/CH.086] 在馆    
6 460400   204604008   自科二线404/309社科库 90排4列6层/ [索取号:J525.1/CH.086] 在馆    
河南城建学院图书馆 欢迎您!
大连网信软件有限公司© 版权所有